Sistemas de precios y asiganción de recursos (Registro nro. 1077)
[ vista simple ]
| 000 -LEADER | |
|---|---|
| fixed length control field | 01565 a2200229 4500 |
| 001 - CONTROL NUMBER | |
| control field | 22979 |
| 005 - DATE AND TIME OF LATEST TRANSACTION | |
| control field | 20260407155519.0 |
| 008 - FIXED-LENGTH DATA ELEMENTS--GENERAL INFORMATION | |
| fixed length control field | 260407a1978 arg spa d |
| 003 - CONTROL NUMBER IDENTIFIER | |
| control field | AR-UNSa-BCEJYS |
| 040 ## - CATALOGING SOURCE | |
| Original cataloging agency | AR-UNSa-BCEJYS |
| Language of cataloging | spa |
| Transcribing agency | AR-UNSa-BCEJYS |
| 080 ## - UNIVERSAL DECIMAL CLASSIFICATION NUMBER | |
| Universal Decimal Classification number | 338.5.01 |
| Common auxiliary subdivision | Teorías de los precios<br/> |
| 041 ## - LANGUAGE CODE | |
| Language code of text/sound track or separate title | spa |
| 100 1# - MAIN ENTRY--PERSONAL NAME | |
| Personal name | Leftwich, Richard H. |
| 245 10 - TITLE STATEMENT | |
| Title | Sistemas de precios y asiganción de recursos |
| 250 ## - EDITION STATEMENT | |
| Edition statement | 6a. ed |
| 264 #1 - PRODUCTION, PUBLICATION, DISTRIBUTION, MANUFACTURE, AND COPYRIGHT NOTICE | |
| Place of production, publication, distribution, manufacture | México : |
| Name of producer, publisher, distributor, manufacturer | Interamericana |
| Date of production, publication, distribution, manufacture, or copyright notice | 1978 |
| 300 ## - PHYSICAL DESCRIPTION | |
| Extent | xi, 456 p. |
| Dimensions | 23 cm. |
| 505 ## - FORMATTED CONTENTS NOTE | |
| Formatted contents note | 1. Introducción - 2. Organización de un sistema económico - 3. Modelo de mercado puramente competitivo - 4. Aplicaciones básicas del modelo - 5. Elección y demanda del consumidor I - 6. Elección y demanda del consumidor individual II - 7. Clasificaciones del mercado y curva de demanda que enfrenta la firma - 8. Principios de producción - 9. Costos de producción - 10. Determinación del precio y la producción en competencia pura - 11. Determinación del precio y de la producción en monopolio puro - 12. Determinación del precio y de la producción en oligoploio - 13. Determinación del precio y de la producción en competencia monoplistica - 14. Determinación del precio y empleo de los recusros:competencia pura - 15. Determinación del precio y empleo de los recursos: monopolio y monopsonio - 16. Asignación de los recursos - 17. Distribución del producto - 18. Equilibrio y bienestar - 19. Programación lineal. |
| 590 ## - LOCAL NOTE (RLIN) | |
| Local note | niveau_biblio:m niveau_hierar:0 |
| 700 1# - ADDED ENTRY--PERSONAL NAME | |
| Personal name | Agut Armer, Vicente |
| 942 ## - ADDED ENTRY ELEMENTS (KOHA) | |
| Koha item type | |
| Withdrawn status | Lost status | Damaged status | Not for loan | Home library | Current library | Shelving location | Date acquired | Total checkouts | Full call number | Barcode | Date last seen | Price effective from | Koha item type |
|---|---|---|---|---|---|---|---|---|---|---|---|---|---|
| Biblioteca Prof. Eusebio Cleto del Rey | Biblioteca Prof. Eusebio Cleto del Rey | 07/04/2026 | 338.5.01 L488 6ed. | L39364 | 07/04/2026 | 07/04/2026 | Libro |